Obálka Náhled e-knihy:
Epub
Pro půjčování e-knih musíte být přihlášeni.
Jak si půjčit online?

Bratrstvo. Kniha třetí, Lovci /

Posádku Volavky čeká nelehký úkol - najít krvežíznivého lupiče dřív, než jim stačí navždy zmizet kdesi v jižních mořích. Pronásledování vede po mohutné řece Dan a nebezpečným vodopádem až do opevněného města Raguza, které je nechvalně proslulým útočištěm pirátů a dobrodruhů. Má-li zde Hal uspět, mus...

Celý popis

Uloženo v:
Série:Bratrstvo, část 3
Hlavní autor: Flanagan, John 1944-2026 (Autor)
Médium: E-kniha
Jazyk:Czech
Vydáno: V Praze : Egmont, 2013
Vydání:1. vyd.
Edice:Fantasy (Egmont)
Témata:
Příbuzné jednotky:Přeloženo z: Brotherband. The hunters
Z cyklu:: Bratrstvo
Tagy:
Žádné tagy
LEADER 02484cam a2200505 a 4500
001 306164
003 CZ PrSKC
005 20260601215545.0
007 ta
008 130531s2013 xr d 000 f cze d
015 |a cnb002473193 
020 |a 9788025224373  |q (váz.) 
035 |a (OCoLC)829661558 
035 |a (OCoLC)857952351 
040 |a KLG001  |b cze  |d BOA001 
041 1 |a cze  |h eng 
072 7 |a 821.111-3  |x Anglická próza, anglicky psaná  |2 Konspekt 
072 7 |a 821-93  |x Literatura pro děti a mládež (beletrie)  |2 Konspekt 
080 |a 821.111(94)-31  |2 MRF 
080 |a 821-93  |2 MRF 
080 |a (0:82-312.9)  |2 MRF 
100 1 |a Flanagan, John  |q (John Anthony),  |d 1944-2026  |7 xx0081982  |4 aut 
245 1 0 |a Bratrstvo.  |n Kniha třetí,  |p Lovci /  |c John Flanagan ; [z anglického originálu ... přeložila Zdena Tenklová] 
246 3 0 |a Lovci 
250 |a 1. vyd. 
260 |a V Praze :  |b Egmont,  |c 2013 
300 |a 378 s. ;  |c 21 cm 
490 1 |a Fantasy 
520 2 |a Posádku Volavky čeká nelehký úkol - najít krvežíznivého lupiče dřív, než jim stačí navždy zmizet kdesi v jižních mořích. Pronásledování vede po mohutné řece Dan a nebezpečným vodopádem až do opevněného města Raguza, které je nechvalně proslulým útočištěm pirátů a dobrodruhů. Má-li zde Hal uspět, musí věřit schopnostem své posádky a vyzvat Zavaka na souboj na život a na smrt. Nakladatelská anotace. 
520 2 |a Třetí díl fantasy ságy pro starší děti. Hal a jeho bratrstvo Volavek pronásledují piráta Zavaka, hnaní touhou získat zpět andomal, posvátný kámen Skandijců. 
655 7 |a australské romány  |7 fd131842  |2 czenas 
655 7 |a fantasy romány  |7 fd184199  |2 czenas 
655 7 |a publikace pro mládež  |7 fd133157  |2 czenas 
655 9 |a Australian fiction  |2 eczenas 
655 9 |a fantasy novels  |2 eczenas 
655 9 |a juvenile literature  |2 eczenas 
765 0 |t Brotherband. The hunters 
765 1 |t Hunters 
787 0 8 |i Z cyklu:  |t Bratrstvo  |g 3 
830 0 |a Fantasy (Egmont) 
900 |a ABA001  |b 18 
044 |a xr 
910 |a RBIT002 
998 |d 5564  |a https://core.palmknihy.cz/api/books/5564/cover?p5j7q6  |b https://core.palmknihy.cz/api/books/5564/cover/400?j2fj03  |c https://core.palmknihy.cz/api/books/5564/cover/50?urapf6  |e 2026-09-29  |g 384  |i 9788025224373  |j https://core.palmknihy.cz/api/books/5564/preview.epub  |l   |q 49  |r 1  |s https://www.palmknihy.cz/kniha/5564  |t ebook  |y 2017  |z 0  |v Bratrstvo  |w 3 
999 |d 306162